| 000 | 01017nam a2200265Ia 4500 | ||
|---|---|---|---|
| 003 | OSt | ||
| 005 | 20220930080034.0 | ||
| 006 | a|||||r|||| 00| 0 | ||
| 007 | ta | ||
| 008 | 220926b |||||||| |||| 00| 0 eng d | ||
| 024 | _a85006 | ||
| 037 | _cTheses | ||
| 040 |
_aCRL _cCRL _beng |
||
| 041 |
_2eng _aeng |
||
| 100 |
_aTandon Vidhu _9537921 |
||
| 110 |
_aUniversity of Delhi. Faculty of Inter-disciplinary and Applied Sciences. Department of Plant Molecular Biology _9523650 |
||
| 245 | 0 | _aSequence analysis of rice tungro spherical virus, engineering viral resistance and development of a self replicating vector for rice | |
| 260 |
_aDelhi _bUniversity of Delhi India _c2006 |
||
| 300 |
_a138p. _ap. _ccm. |
||
| 650 | _aPLANTS | ||
| 700 |
_a Dr. Indranil Dasgupta Gu. _9532165 |
||
| 700 |
_aUniversity of Delhi. Faculty of Inter-disciplinary and Applied Sciences. Department of Plant Molecular Biology _9523651 |
||
| 942 |
_cDIS _2CC |
||
| 999 |
_c869180 _d869180 |
||